[Event "Recco op-B 4th"]
[Site "Recco"]
[Date "2010.11.26"]
[Round "1"]
[White "Nicolis, Claudio"]
[Black "Cunsolo, Gianfranco"]
[Result "1-0"]
[WhiteElo "1835"]
[BlackElo "1639"]
[PlyCount "58"]
[EventDate "2010.11.26"]
[EventType "swiss"]
[EventRounds "5"]
[EventCountry "ITA"]
[SourceTitle "EXT 2023"]
[Source "ChessBase"]
[SourceDate "2022.10.05"]
[SourceVersion "1"]
[SourceVersionDate "2022.10.05"]
[SourceQuality "1"]

1. d4 Nf6 2. c4 g6 3. Nc3 Bg7 4. e4 d6 5. f4 0-0 6. Nf3 c5 7. d5 Na6 8. Be2 Nc7 9. 0-0 a6 10. a4 a5 11. Kh1 Nh5 12. e5 Bg4 13. Be3 Bh6 14. Qd2 e6 15. Rad1 dxe5 16. fxe5 Bxe3 17. Qxe3 exd5 18. cxd5 b6 19. Qh6 Bxf3 20. Bxf3 Qh4 21. Bxh5 Qxh5 22. Qxh5 gxh5 23. Ne4 Rad8 24. Nf6+ Kh8 25. Rf5 Kg7 26. Rg5+ Kh6 27. Rxh5+ Kg6 28. Rd3 Ne6 29. Rg3+ Ng5 1-0